000 00274nam a2200097Ia 4500
001 698676
005 20250826162056.0
008 250824s9999 xx 000 0 und d
245 0 _aJANE EYRE (ANTİK OKUL KLASİKLERİ)
_cCHARLOTTE BRONTE
260 _bANTİK DÜNYA KLASİKLERİ
999 _c698676
_d698676